000 00753nam a22002897a 4500
001 BR2023002053
003 BR-BrBNA
005 20231115134200.0
008 231115b bl.||||| |||| 00| 0 por d
040 _aBR-BrBNA
_bpor
041 _apor
072 _aE21 ; Q02
_b9923
090 _a9923 BR2023002053
110 1 _9776
_aAssociação Brasileira da Indústria da Cerveja, São Paulo, SP (Brasil)
245 _aAnuário 2015 da CervBrasil
260 _aSão Paulo, SP (Brasil)
_c2015
300 _a50 p.
500 _a44 illus.
650 _aCERVEJA
650 _aBEBIDA ALCOÓLICA
650 _aINDÚSTRIA
650 _aPRODUÇÃO
650 _aCADEIA PRODUTIVA
650 _aCONSUMO
909 _a202311
_bFernando
942 _cBK
999 _c86740
_d86740